[Event "4NCL"]
[Site "De Vere, Wokefield Park, ENG"]
[Date "2011.02.19"]
[Round "5.15"]
[White "Trent, Lawrence"]
[Black "Rawlinson, Aidan M"]
[Result "1-0"]
[WhiteElo "2442"]
[BlackElo "2183"]
[PlyCount "133"]
[EventDate "2011.??.??"]
[WhiteTeam "Wood Green Hilsmark 1"]
[BlackTeam "Oxford 1"]

1. e4 c5 2. Nf3 e6 3. d4 cxd4 4. Nxd4 a6 5. Nc3 Qc7 6. Qf3 Nc6 7. Nxc6 dxc6 8.
Be2 Nf6 9. g4 e5 10. g5 Nd7 11. h4 Nc5 12. Be3 Be6 13. Qg3 O-O-O 14. O-O f5 15.
exf5 Bxf5 16. Bg4 Bxg4 17. Qxg4+ Kb8 18. Rad1 Be7 19. Kg2 Rxd1 20. Rxd1 Rd8 21.
Bxc5 Bxc5 22. Ne4 Rxd1 23. Qxd1 Qe7 24. c3 h6 25. b4 Bb6 26. Qd6+ Qxd6 27. Nxd6
hxg5 28. hxg5 Bd8 29. g6 Be7 30. Nf5 Bf6 31. Nd6 Be7 32. Nf5 Bf6 33. c4 Kc7 34.
Kf3 Kd7 35. c5 Ke6 36. Ke4 Kd7 37. Ne3 Ke6 38. Nf5 Kd7 39. f3 Ke6 40. a3 Kd7
41. Ne3 Ke6 42. Nc4 Bg5 43. Nxe5 Bc1 44. f4 Kf6 45. f5 Bb2 46. Nc4 Bc3 47. Kf4
Ba1 48. Ke4 Bc3 49. Nd6 Bb2 50. a4 Ba3 51. Ne8+ Ke7 52. Nxg7 Bxb4 53. Ne6 Bc3
54. Nf4 Bb2 55. Nd3 Bc3 56. Ne5 Kf6 57. Nd7+ Ke7 58. Ne5 Kf6 59. Ng4+ Kg5 60.
Nf2 Kf6 61. Kf4 Bd4 62. Ne4+ Kg7 63. Kg5 Be3+ 64. Kh5 b5 65. cxb6 Bxb6 66. f6+
Kg8 67. g7 1-0

[Event "4NCL"]
[Site "De Vere, Wokefield Park, ENG"]
[Date "2011.02.19"]
[Round "5.15"]
[White "Tidman, Sophie E"]
[Black "Martin, Andrew D"]
[Result "0-1"]
[WhiteElo "2109"]
[BlackElo "2406"]
[PlyCount "70"]
[EventDate "2011.??.??"]
[WhiteTeam "Oxford 1"]
[BlackTeam "Wood Green Hilsmark 1"]

1. e4 g6 2. d4 Bg7 3. Nc3 d6 4. Be3 c6 5. Nf3 b5 6. Qd2 Nd7 7. O-O-O Nb6 8. e5
d5 9. h4 h5 10. Ng5 Nh6 11. f3 b4 12. Nb1 a5 13. Bd3 Nc4 14. Qe2 Nxe3 15. Qxe3
e6 16. Qf4 c5 17. c3 Qc7 18. Rhe1 Nf5 19. Bb5+ Kf8 20. g4 Nxh4 21. Qg3 Rb8 22.
Ba4 bxc3 23. Nxc3 cxd4 24. Rxd4 Rb4 25. Qf4 Ng2 26. Rxb4 Nxf4 27. Rxf4 Bh6 28.
Kb1 Bxg5 29. Rd4 hxg4 30. f4 Qb6 31. Ne2 Rh2 32. Rd3 Ba6 33. Rb3 Qf2 34. Rb8+
Kg7 35. Rc1 Qxe2 0-1

[Event "4NCL"]
[Site "De Vere, Wokefield Park, ENG"]
[Date "2011.02.19"]
[Round "5.15"]
[White "Tiller, Bjorn"]
[Black "Harvey, Marcus R"]
[Result "1-0"]
[WhiteElo "2393"]
[BlackElo "2098"]
[PlyCount "81"]
[EventDate "2011.??.??"]
[WhiteTeam "Wood Green Hilsmark 1"]
[BlackTeam "Oxford 1"]

1. b4 e6 2. Bb2 Nf6 3. a3 d5 4. e3 c5 5. bxc5 Bxc5 6. Nf3 Nc6 7. d4 Qb6 8. Ra2
Bd6 9. c4 dxc4 10. Bxc4 Bd7 11. O-O O-O 12. Nbd2 Rfe8 13. Bd3 Na5 14. e4 Bf4
15. Bc3 Bb5 16. Rb2 Bxd3 17. Rxb6 axb6 18. Re1 Rec8 19. Bb2 Rc7 20. d5 exd5 21.
Bxf6 gxf6 22. exd5 Rd8 23. Qa1 Rd6 24. Qd4 Bxd2 25. Nxd2 Bg6 26. h4 Rc5 27. Ne4
Bxe4 28. Rxe4 Rc4 29. Qd3 Rxe4 30. Qxe4 Kg7 31. g4 h6 32. Kg2 Nb3 33. Qf4 Rd7
34. g5 hxg5 35. hxg5 fxg5 36. Qxg5+ Kf8 37. Qh6+ Kg8 38. Qxb6 Nc1 39. Qc5 Kg7
40. Qxc1 Rxd5 41. Qb2+ 1-0

[Event "4NCL"]
[Site "De Vere, Wokefield Park, ENG"]
[Date "2011.02.19"]
[Round "5.16"]
[White "Wells, Peter K"]
[Black "Piper, Matthew S"]
[Result "1/2-1/2"]
[WhiteElo "2487"]
[BlackElo "2341"]
[PlyCount "89"]
[EventDate "2011.??.??"]
[WhiteTeam "White Rose 1"]
[BlackTeam "Barbican 4NCL 2"]

1. Nf3 Nf6 2. c4 c5 3. Nc3 Nc6 4. d4 cxd4 5. Nxd4 g6 6. e4 Bg7 7. Be3 O-O 8.
Be2 d6 9. O-O Bd7 10. Qd2 Rc8 11. f3 a6 12. Rfd1 Nxd4 13. Bxd4 Be6 14. b3 Re8
15. Kh1 Qa5 16. Rab1 Nd7 17. Bxg7 Kxg7 18. f4 Nf6 19. Rf1 b5 20. f5 Bd7 21. b4
Qc7 22. Qd4 Bc6 23. cxb5 axb5 24. Nxb5 Qb7 25. Nxd6 exd6 26. fxg6 Re5 27. Rxf6
Kxf6 28. Rf1+ Kxg6 29. Qxd6+ Re6 30. Qg3+ Kh6 31. Bg4 Rce8 32. Bxe6 Rxe6 33. h4
Rg6 34. Qf4+ Kg7 35. h5 Bxe4 36. hxg6 Bxg2+ 37. Kg1 Bxf1 38. Kxf1 Qa6+ 39. Kg1
Qxg6+ 40. Kf2 Qc2+ 41. Kg3 Qxa2 42. Qg5+ Kf8 43. Qd8+ Kg7 44. Qg5+ Kf8 45. Qd8+
1/2-1/2

[Event "4NCL"]
[Site "De Vere, Wokefield Park, ENG"]
[Date "2011.02.19"]
[Round "5.16"]
[White "Morrison, Graham"]
[Black "Palliser, Richard JD"]
[Result "1/2-1/2"]
[WhiteElo "2340"]
[BlackElo "2445"]
[PlyCount "151"]
[EventDate "2011.??.??"]
[WhiteTeam "Barbican 4NCL 2"]
[BlackTeam "White Rose 1"]

1. Nf3 Nf6 2. c4 g6 3. Nc3 Bg7 4. e4 d6 5. d4 O-O 6. Be2 e5 7. O-O Nc6 8. d5
Ne7 9. Ne1 Nd7 10. Nd3 f5 11. Bd2 Nf6 12. f3 f4 13. c5 g5 14. Rc1 Ng6 15. Nb5
Rf7 16. Ba5 b6 17. cxd6 cxd6 18. Bb4 Bf8 19. Rc6 Ne8 20. a4 Bd7 21. Rc1 Rg7 22.
Nf2 h5 23. h3 Nh8 24. Qb3 Nf7 25. Rc2 a6 26. Na3 Nf6 27. Nc4 b5 28. Na5 Qb6 29.
Nc6 a5 30. Be1 b4 31. Kh1 Nh6 32. Qc4 g4 33. Qb5 Qe3 34. Bd2 Qb3 35. Qc4 Qxc4
36. Rxc4 g3 37. Nd3 Bxh3 38. gxh3 g2+ 39. Kh2 gxf1=Q 40. Bxf1 Rg3 41. Be2 Nf7
42. Be1 h4 43. Bxg3 fxg3+ 44. Kg2 Nh5 45. b3 Kg7 46. f4 Nxf4+ 47. Nxf4 exf4 48.
Nd4 Kf6 49. Nf3 Ne5 50. Nxe5 Kxe5 51. Bg4 Be7 52. Bh5 Bd8 53. Bg4 Bb6 54. Bh5
Bc5 55. Bg4 Ra7 56. Bh5 Rc7 57. Be2 Bb6 58. Rxc7 Bxc7 59. Kf3 Kd4 60. Bf1 Kc3
61. Bc4 Bb6 62. Kg2 Kd2 63. Kf3 g2 64. Kxg2 Ke3 65. Bb5 Kxe4 66. Bc4 f3+ 67.
Kf1 Be3 68. Ba6 Kd4 69. Bc4 Ke5 70. Ba6 Ke4 71. Bc4 Kf4 72. Ba6 Bb6 73. Bc8 Ke4
74. Ba6 f2 75. Bc4 Ba7 76. Kg2 1/2-1/2

[Event "4NCL"]
[Site "De Vere, Wokefield Park, ENG"]
[Date "2011.02.19"]
[Round "5.16"]
[White "McNab, Colin A"]
[Black "Rogers, Jonathan W"]
[Result "1/2-1/2"]
[WhiteElo "2454"]
[BlackElo "2338"]
[PlyCount "85"]
[EventDate "2011.??.??"]
[WhiteTeam "White Rose 1"]
[BlackTeam "Barbican 4NCL 2"]

1. c4 f5 2. g3 Nf6 3. Bg2 e5 4. Nc3 Bb4 5. Qc2 O-O 6. Qxf5 d5 7. Qxe5 c6 8. Nf3
Ng4 9. Qd4 Na6 10. Nd1 Bc5 11. Qc3 d4 12. Qb3 d3 13. Qxd3 Qxd3 14. exd3 Nb4 15.
O-O Nxd3 16. b4 Bxb4 17. h3 Nf6 18. Nb2 Nxc1 19. Rfxc1 Ne4 20. d3 Nxf2 21. Kxf2
Bc5+ 22. Ke2 Bxh3 23. Bxh3 Rae8+ 24. Kd2 Rxf3 25. Kc3 Rxg3 26. Bd7 Re7 27. Bc8
g6 28. Re1 Be3 29. Kb3 Rc7 30. Be6+ Kg7 31. Re2 h5 32. Rh1 Kf6 33. Rh3 Rxh3 34.
Bxh3 Bd4 35. Re4 c5 36. Nd1 Rc6 37. Nc3 Bxc3 38. Kxc3 g5 39. d4 Ra6 40. Kb3
Rb6+ 41. Kc3 Ra6 42. Kb3 Rb6+ 43. Kc3 1/2-1/2

[Event "4NCL"]
[Site "De Vere, Wokefield Park, ENG"]
[Date "2011.02.19"]
[Round "5.16"]
[White "Poobalasingam, Peter S"]
[Black "Van de Griendt, Jan W"]
[Result "0-1"]
[WhiteElo "2321"]
[BlackElo "2334"]
[PlyCount "82"]
[EventDate "2011.??.??"]
[WhiteTeam "Barbican 4NCL 2"]
[BlackTeam "White Rose 1"]

1. d4 e6 2. c4 Nf6 3. g3 c5 4. d5 exd5 5. cxd5 d6 6. Nc3 g6 7. Bg2 Bg7 8. Nf3
O-O 9. O-O a6 10. a4 Nbd7 11. Bf4 Qc7 12. Nd2 Nh5 13. Nc4 Nxf4 14. gxf4 Nb6 15.
Ne3 Bd7 16. a5 Nc8 17. Qc2 f5 18. Bf3 b5 19. axb6 Nxb6 20. Kh1 a5 21. Rg1 a4
22. Nb1 Qd8 23. Na3 Qh4 24. Ng2 Qxf2 25. Rad1 c4 26. Rc1 Rfc8 27. Nb1 Qd4 28.
Nc3 a3 29. bxa3 Rxa3 30. Nb1 Ba4 31. Nxa3 Bxc2 32. Nxc2 Qc5 33. e4 fxe4 34. Bg4
Nxd5 35. Bxc8 Qxc8 36. Nce3 Nxe3 37. Nxe3 c3 38. Nd5 Qc5 39. Rg5 Kf7 40. Nxc3
Qe3 41. Na2 Qxf4 0-1

[Event "4NCL"]
[Site "De Vere, Wokefield Park, ENG"]
[Date "2011.02.19"]
[Round "5.16"]
[White "Buckley, Simon T"]
[Black "Berry, Neil"]
[Result "1/2-1/2"]
[WhiteElo "2345"]
[BlackElo "2331"]
[PlyCount "63"]
[EventDate "2011.??.??"]
[WhiteTeam "White Rose 1"]
[BlackTeam "Barbican 4NCL 2"]

1. c4 e6 2. Nc3 d5 3. d4 Be7 4. Qc2 Nf6 5. cxd5 exd5 6. Bg5 c6 7. e3 Nbd7 8.
Bd3 O-O 9. Nge2 Re8 10. h3 Nf8 11. O-O-O Qa5 12. Bf4 Be6 13. Qa4 Qxa4 14. Nxa4
N8d7 15. Nac3 Nb6 16. g4 Nc4 17. Bg3 b5 18. Nf4 Bb4 19. Kc2 Bd7 20. g5 Ne4 21.
Nxe4 dxe4 22. Bxc4 bxc4 23. Rc1 Bd6 24. Ne2 Be7 25. Bf4 Be6 26. Ng3 Bd5 27. Kb1
Red8 28. Nf1 Bb4 29. Rc2 Rd7 30. Nd2 Bxd2 31. Rxd2 a5 32. Rc1 1/2-1/2

[Event "4NCL"]
[Site "De Vere, Wokefield Park, ENG"]
[Date "2011.02.19"]
[Round "5.16"]
[White "Chapman, Terry PD"]
[Black "Croad, Nicolas"]
[Result "1-0"]
[WhiteElo "2250"]
[BlackElo "2290"]
[PlyCount "59"]
[EventDate "2011.??.??"]
[WhiteTeam "Barbican 4NCL 2"]
[BlackTeam "White Rose 1"]

1. Nf3 Nf6 2. c4 e6 3. g3 d5 4. d4 dxc4 5. Bg2 Nc6 6. O-O Rb8 7. b3 cxb3 8.
Qxb3 Be7 9. Rd1 O-O 10. Nc3 b6 11. Bf4 Na5 12. Qc2 Ba6 13. e4 Bb4 14. e5 Bxc3
15. exf6 Bxa1 16. fxg7 Re8 17. Rxa1 f6 18. Bxc7 Rc8 19. Bxd8 Rxc2 20. Bxf6 Rec8
21. h4 Rc1+ 22. Rxc1 Rxc1+ 23. Kh2 h6 24. Ne5 Rc8 25. d5 Nc4 26. Nc6 Kf7 27.
Nd8+ Rxd8 28. Bxd8 exd5 29. Bf6 Bb7 30. Bh3 1-0

[Event "4NCL"]
[Site "De Vere, Wokefield Park, ENG"]
[Date "2011.02.19"]
[Round "5.16"]
[White "Gayson, Peter M"]
[Black "Sands, David A"]
[Result "1/2-1/2"]
[WhiteElo "2173"]
[BlackElo "2238"]
[PlyCount "42"]
[EventDate "2011.??.??"]
[WhiteTeam "White Rose 1"]
[BlackTeam "Barbican 4NCL 2"]

1. e4 c5 2. Nf3 d6 3. d4 cxd4 4. Nxd4 Nf6 5. Nc3 a6 6. f4 e6 7. Be2 Be7 8. O-O
O-O 9. a4 Nc6 10. Be3 Qc7 11. Kh1 Re8 12. Qe1 Nxd4 13. Bxd4 e5 14. fxe5 dxe5
15. Qg3 Bd8 16. Be3 Kh8 17. Rad1 Be6 18. Bg5 Ng8 19. Be3 Nf6 20. Bg5 Ng8 21.
Be3 Nf6 1/2-1/2

[Event "4NCL"]
[Site "De Vere, Wokefield Park, ENG"]
[Date "2011.02.19"]
[Round "5.16"]
[White "Regan, Natasha K"]
[Black "Messam-Sparks, Lateefah"]
[Result "0-1"]
[WhiteElo "2134"]
[BlackElo "1904"]
[PlyCount "52"]
[EventDate "2011.??.??"]
[WhiteTeam "Barbican 4NCL 2"]
[BlackTeam "White Rose 1"]

1. e4 c5 2. Nc3 Nc6 3. f4 d6 4. Nf3 e6 5. Bc4 Nf6 6. d3 Be7 7. e5 Nd7 8. exd6
Bxd6 9. O-O O-O 10. Be3 a6 11. Ng5 Nf6 12. Nce4 Nxe4 13. Nxe4 b5 14. Bb3 Nd4
15. Kh1 Be7 16. c3 Nxb3 17. axb3 Qc7 18. Qh5 Rd8 19. Rf3 Rd5 20. Ng5 Bxg5 21.
fxg5 e5 22. Bd2 Be6 23. Re1 Qd7 24. d4 Bg4 25. Qh4 Bxf3 26. gxf3 cxd4 0-1

[Event "4NCL"]
[Site "De Vere, Wokefield Park, ENG"]
[Date "2011.02.19"]
[Round "5.17"]
[White "Slavin, Alexei"]
[Black "Kosten, Anthony C"]
[Result "1/2-1/2"]
[WhiteElo "2417"]
[BlackElo "2498"]
[PlyCount "58"]
[EventDate "2011.??.??"]
[WhiteTeam "e2e4.org.uk 1"]
[BlackTeam "Guildford A&DC 1"]

1. d4 e6 2. Nf3 f5 3. g3 Nf6 4. Bg2 Be7 5. O-O O-O 6. c4 d6 7. Nbd2 Nc6 8. Qc2
e5 9. d5 Nb4 10. Qc3 a5 11. a3 c5 12. Ne1 Na6 13. Nc2 a4 14. b3 axb3 15. Qxb3
Qe8 16. f4 e4 17. a4 Qh5 18. Re1 Bd8 19. Nf1 Nd7 20. Bd2 g5 21. Na3 Nb4 22. Nb5
Ra6 23. fxg5 Bxg5 24. Bxg5 Qxg5 25. Nc7 Ne5 26. Nxa6 bxa6 27. a5 Bd7 28. Rac1
Qd8 29. Ra1 Be8 1/2-1/2

[Event "4NCL"]
[Site "De Vere, Wokefield Park, ENG"]
[Date "2011.02.19"]
[Round "5.17"]
[White "Cuenca Jimenez, Jose Fernando"]
[Black "Zhou, Yang-Fan"]
[Result "1-0"]
[WhiteElo "2496"]
[BlackElo "2325"]
[PlyCount "80"]
[EventDate "2011.??.??"]
[WhiteTeam "Guildford A&DC 1"]
[BlackTeam "e2e4.org.uk 1"]

1. c4 e5 2. g3 Nc6 3. Bg2 Nf6 4. Nc3 Bb4 5. Nd5 O-O 6. e3 Re8 7. Ne2 a5 8. O-O
e4 9. a3 Bf8 10. Nec3 Ne5 11. Nxf6+ Qxf6 12. Nxe4 Qg6 13. d3 d5 14. cxd5 Bf5
15. f3 Rad8 16. g4 Bc8 17. Nf2 Rxd5 18. d4 Rdd8 19. Qb3 Be6 20. Qc3 Nc6 21. h3
h5 22. Bd2 a4 23. Rac1 Bb3 24. f4 hxg4 25. hxg4 Qh7 26. Bf3 g5 27. Nd3 Qh3 28.
Ne5 Nxe5 29. fxe5 Qg3+ 30. Bg2 c6 31. e4 Qxg4 32. Rce1 c5 33. d5 Bg7 34. Rf5
Bh6 35. Ref1 Rd7 36. Qxc5 Qh4 37. Qe3 Kg7 38. Bc3 g4 39. e6+ Kg8 40. Qd4 f6 1-0

[Event "4NCL"]
[Site "De Vere, Wokefield Park, ENG"]
[Date "2011.02.19"]
[Round "5.17"]
[White "Livner, Anders"]
[Black "Cherniaev, Alexander"]
[Result "1-0"]
[WhiteElo "2326"]
[BlackElo "2446"]
[PlyCount "143"]
[EventDate "2011.??.??"]
[WhiteTeam "e2e4.org.uk 1"]
[BlackTeam "Guildford A&DC 1"]

1. d4 Nf6 2. c4 d6 3. Nf3 g6 4. g3 Bg7 5. Bg2 c6 6. O-O O-O 7. Nc3 Bf5 8. b3
Ne4 9. Bb2 Nxc3 10. Bxc3 Be4 11. Rc1 Nd7 12. Qd2 a5 13. Qf4 Bxf3 14. Qxf3 f5
15. Qd3 e6 16. e4 f4 17. Bh3 Qe7 18. Rfe1 Ra6 19. e5 d5 20. Bd2 Bh6 21. Rc2 Nb6
22. Qe2 a4 23. Qg4 Rf5 24. Qf3 axb3 25. axb3 Rf7 26. Qg4 Ra3 27. c5 Nd7 28.
Qxe6 Rxb3 29. Qd6 fxg3 30. hxg3 Bxd2 31. Rxd2 Nf8 32. e6 Rg7 33. Qe5 Ra3 34.
Rb2 g5 35. Bf5 Ra8 36. Reb1 Ra7 37. Qb8 b5 38. cxb6 Rb7 39. Qe5 Ng6 40. Bxg6
Rxg6 41. Re2 Qe8 42. g4 Rgg7 43. Rb3 h5 44. Ra2 Rge7 45. Ra7 Rxe6 46. Qf5 Ree7
47. Rxb7 Rxb7 48. gxh5 Qe1+ 49. Kg2 Qe8 50. h6 Qe4+ 51. Qxe4 dxe4 52. Kf1 Kh7
53. Ke2 Kxh6 54. Ke3 Kg6 55. Kxe4 Kf6 56. d5 c5 57. Kd3 Ke5 58. Kc4 Kd6 59. Rb5
g4 60. Rb3 Rf7 61. b7 Rf4+ 62. Kc3 Rf3+ 63. Kb2 Rxb3+ 64. Kxb3 Kc7 65. Kc4 Kxb7
66. Kxc5 Kc7 67. Kd4 Kd7 68. Ke5 Ke7 69. Kf4 Kd6 70. Kxg4 Kxd5 71. Kf5 Kd6 72.
Kf6 1-0

[Event "4NCL"]
[Site "De Vere, Wokefield Park, ENG"]
[Date "2011.02.19"]
[Round "5.17"]
[White "Garrido Dominguez, Jesus"]
[Black "Byron, Alan M"]
[Result "1/2-1/2"]
[WhiteElo "2417"]
[BlackElo "2192"]
[PlyCount "63"]
[EventDate "2011.??.??"]
[WhiteTeam "Guildford A&DC 1"]
[BlackTeam "e2e4.org.uk 1"]

1. e4 c6 2. d4 d5 3. e5 Bf5 4. Ne2 e6 5. Ng3 Bg6 6. h4 h6 7. h5 Bh7 8. Bd3 Bxd3
9. Qxd3 c5 10. Qb5+ Qd7 11. Qxd7+ Nxd7 12. c3 Ne7 13. Be3 Nc6 14. Nd2 cxd4 15.
cxd4 Bb4 16. Ne2 a5 17. Nc3 a4 18. a3 Be7 19. f4 Nb6 20. Ke2 Na5 21. Rab1 O-O
22. f5 Rfc8 23. Rh3 Nac4 24. f6 gxf6 25. Rg3+ Kh7 26. exf6 Bxf6 27. Rf1 Nd7 28.
Rgf3 Kg7 29. Rg3+ Kh7 30. Rgf3 Kg7 31. Rg3+ Kh7 32. Rgf3 1/2-1/2

[Event "4NCL"]
[Site "De Vere, Wokefield Park, ENG"]
[Date "2011.02.19"]
[Round "5.17"]
[White "Jackson, James P"]
[Black "Camacho Collados, Marcos"]
[Result "0-1"]
[WhiteElo "2146"]
[BlackElo "2376"]
[PlyCount "60"]
[EventDate "2011.??.??"]
[WhiteTeam "e2e4.org.uk 1"]
[BlackTeam "Guildford A&DC 1"]

1. e4 d6 2. d4 g6 3. Nc3 Bg7 4. f4 Nd7 5. Nf3 e6 6. Bd3 Ne7 7. O-O O-O 8. Be3
Nf6 9. h3 b6 10. Qe1 c5 11. Rd1 Bb7 12. e5 Nfd5 13. exd6 Qxd6 14. dxc5 bxc5 15.
Ne4 Qc7 16. Bxc5 Nxf4 17. b4 Rfd8 18. Qh4 Nf5 19. Qf2 Rd7 20. Nh2 e5 21. Ng4
Qd8 22. Ne3 Nd4 23. Bxd4 Rxd4 24. Nc5 Bxg2 25. Kh2 Bxf1 26. Rxf1 Rxb4 27. c3
Rb6 28. Be4 Rc8 29. Nc4 Rb5 30. Nb7 Rxb7 0-1

[Event "4NCL"]
[Site "De Vere, Wokefield Park, ENG"]
[Date "2011.02.19"]
[Round "5.17"]
[White "Povah, Nigel E"]
[Black "Josse, Mark"]
[Result "0-1"]
[WhiteElo "2336"]
[BlackElo "2159"]
[PlyCount "42"]
[EventDate "2011.??.??"]
[WhiteTeam "Guildford A&DC 1"]
[BlackTeam "e2e4.org.uk 1"]

1. d4 d5 2. Bg5 f6 3. Bh4 c5 4. e3 Nc6 5. c4 cxd4 6. exd4 Qb6 7. cxd5 Nxd4 8.
Bd3 Qxb2 9. Nd2 Qc3 10. Be4 Bf5 11. Ne2 Nxe2 12. Bxf5 Nd4 13. Rc1 Qa3 14. Bh3
Qd3 15. f3 Qe3+ 16. Kf1 Qd3+ 17. Ke1 e5 18. dxe6 Bb4 19. Bf2 Rd8 20. Rf1 Bxd2+
21. Qxd2 Nxf3+ 0-1

[Event "4NCL"]
[Site "De Vere, Wokefield Park, ENG"]
[Date "2011.02.19"]
[Round "5.17"]
[White "Almond, Richard J"]
[Black "Anderton, Matthew N"]
[Result "1/2-1/2"]
[WhiteElo "2145"]
[BlackElo "2225"]
[PlyCount "101"]
[EventDate "2011.??.??"]
[WhiteTeam "e2e4.org.uk 1"]
[BlackTeam "Guildford A&DC 1"]

1. d4 Nf6 2. c4 e6 3. Nc3 Bb4 4. Qc2 c5 5. dxc5 Na6 6. a3 Bxc3+ 7. Qxc3 Nxc5 8.
f3 d5 9. cxd5 b6 10. b4 Na4 11. Qb3 b5 12. e4 a6 13. Bd3 exd5 14. e5 Qe7 15. f4
Ne4 16. Be3 Be6 17. f5 Bxf5 18. Nf3 Be6 19. Bd4 Rc8 20. O-O O-O 21. Rac1 h6 22.
Qb1 Qb7 23. Rfe1 Nb6 24. Qa1 Nc4 25. a4 Rc7 26. Rc2 Rfc8 27. Ra2 a5 28. axb5
axb4 29. b6 Nxb6 30. Ba6 Qb8 31. Bxc8 Rxc8 32. Ra7 Nc4 33. Qa6 Na3 34. Rb7 Qa8
35. Qxa8 Rxa8 36. Ra1 Rc8 37. Bb2 Rc2 38. Rxb4 Nc4 39. Bd4 g5 40. Rd1 g4 41.
Ne1 Re2 42. Nd3 Ned2 43. Re1 Rxe1+ 44. Nxe1 Bf5 45. Kf2 Kh7 46. Ke2 Be4 47. Rb8
h5 48. Bc3 Nb1 49. Bd4 Nbd2 50. Bc3 Nb1 51. Bd4 1/2-1/2

[Event "4NCL"]
[Site "De Vere, Wokefield Park, ENG"]
[Date "2011.02.19"]
[Round "5.17"]
[White "Grigoryan, Meri"]
[Black "Norinkeviciute, Rasa"]
[Result "0-1"]
[WhiteElo "2064"]
[BlackElo "2022"]
[PlyCount "116"]
[EventDate "2011.??.??"]
[WhiteTeam "Guildford A&DC 1"]
[BlackTeam "e2e4.org.uk 1"]

1. d4 Nf6 2. c4 e6 3. Nc3 Bb4 4. Qc2 Nc6 5. Nf3 O-O 6. Bg5 d6 7. e3 h6 8. h4 e5
9. d5 Nb8 10. Bd3 Nbd7 11. O-O-O Bxc3 12. bxc3 Nc5 13. Nd2 Re8 14. Bxf6 Qxf6
15. Bh7+ Kh8 16. Ne4 Nxe4 17. Bxe4 Bd7 18. f3 Qe7 19. g4 Rg8 20. g5 Rgf8 21.
gxh6 gxh6 22. Bf5 Rg8 23. Rdg1 Rxg1+ 24. Rxg1 Rg8 25. Rxg8+ Kxg8 26. Qg2+ Kf8
27. Bxd7 Qxd7 28. e4 Qa4 29. Qe2 Qa3+ 30. Kb1 Qxc3 31. Qf1 a5 32. h5 a4 33. Qh3
Qb4+ 34. Kc1 Qxc4+ 35. Kd1 Qd3+ 36. Ke1 Qb1+ 37. Kf2 Qxa2+ 38. Kg3 Qc4 39. Qf5
Qc1 40. Qc8+ Ke7 41. Qxb7 a3 42. Qa7 Qc5 43. Qa4 Qg1+ 44. Kh3 Qe3 45. Kg3 f5
46. Qc6 f4+ 47. Kg2 Qe2+ 48. Kg1 Qe1+ 49. Kg2 Qg3+ 50. Kh1 Qxf3+ 51. Kg1 Qe3+
52. Kh2 Qf2+ 53. Kh1 Qa7 54. Qc1 a2 55. Qa1 Qa4 56. Kh2 Qc2+ 57. Kh3 Qd3+ 58.
Kh2 Qe2+ 0-1

[Event "4NCL"]
[Site "De Vere, Wokefield Park, ENG"]
[Date "2011.02.19"]
[Round "5.18"]
[White "Pinter, Gabor"]
[Black "Rendle, Thomas E"]
[Result "1/2-1/2"]
[WhiteElo "2363"]
[BlackElo "2391"]
[PlyCount "82"]
[EventDate "2011.??.??"]
[WhiteTeam "Cambridge University 1"]
[BlackTeam "Sambuca Sharks"]

1. e4 e6 2. d3 d5 3. Qe2 dxe4 4. dxe4 e5 5. Nf3 Nc6 6. c3 Nf6 7. g3 a5 8. a4
Bc5 9. Bg2 b6 10. Nbd2 Ba6 11. Nc4 O-O 12. O-O Qe7 13. h3 Ne8 14. b3 Nd6 15.
Nfd2 Qe6 16. Re1 f5 17. Ba3 f4 18. Bxc5 bxc5 19. Bf1 Kh8 20. g4 Nxc4 21. Nxc4
f3 22. Qd2 Rad8 23. Qg5 h6 24. Qh4 Rf4 25. Re3 Bc8 26. Bd3 Rdf8 27. Kf1 Qg6 28.
Rb1 Be6 29. Nd2 Nb8 30. Ke1 Nd7 31. Kd1 Nf6 32. Kc2 c4 33. Nxc4 Bxc4 34. bxc4
Qf7 35. Rb5 Qe7 36. Kb2 c6 37. Rb3 Qd6 38. Bc2 Nd7 39. Rd3 Qe6 40. Rd1 Nc5 41.
Rb6 Qxc4 1/2-1/2

[Event "4NCL"]
[Site "De Vere, Wokefield Park, ENG"]
[Date "2011.02.19"]
[Round "5.18"]
[White "Roberson, Peter T"]
[Black "Dearing, Edward"]
[Result "1/2-1/2"]
[WhiteElo "2274"]
[BlackElo "2412"]
[PlyCount "39"]
[EventDate "2011.??.??"]
[WhiteTeam "Sambuca Sharks"]
[BlackTeam "Cambridge University 1"]

1. e4 c5 2. c3 e6 3. d4 d5 4. exd5 exd5 5. Nf3 Nc6 6. Bb5 Bd6 7. dxc5 Bxc5 8.
O-O Nf6 9. Bg5 Be6 10. Nbd2 h6 11. Bh4 O-O 12. Nb3 Be7 13. Nbd4 Bd7 14. Re1 Re8
15. Bd3 Nh5 16. Bxe7 Rxe7 17. Qd2 Qc7 18. Rxe7 Nxe7 19. Re1 Re8 20. Re5 1/2-1/2

[Event "4NCL"]
[Site "De Vere, Wokefield Park, ENG"]
[Date "2011.02.19"]
[Round "5.18"]
[White "Mah, Karl CC"]
[Black "Wu, Li"]
[Result "1/2-1/2"]
[WhiteElo "2428"]
[BlackElo "2344"]
[PlyCount "153"]
[EventDate "2011.??.??"]
[WhiteTeam "Cambridge University 1"]
[BlackTeam "Sambuca Sharks"]

1. d4 Nf6 2. c4 g6 3. g3 Bg7 4. Bg2 O-O 5. Nc3 d6 6. Nf3 Nc6 7. O-O Rb8 8. e3
a6 9. Qe2 e6 10. Rb1 b5 11. b4 Ne7 12. cxb5 axb5 13. e4 d5 14. e5 Ne4 15. Nxe4
dxe4 16. Qxe4 Bb7 17. Qf4 f6 18. Qg4 f5 19. Qh4 Qd7 20. a3 Rfe8 21. Qf4 Be4 22.
Rb3 h6 23. Qd2 Red8 24. Bb2 g5 25. Qc1 Nc6 26. h3 g4 27. hxg4 fxg4 28. Nh4 Nxd4
29. Bxd4 Bxg2 30. Nxg2 Qxd4 31. Nf4 Qxe5 32. Re3 Qf5 33. Nxe6 Rd7 34. Qc6 Qf7
35. Nxg7 Kxg7 36. Re4 h5 37. Rfe1 Rb6 38. Qxd7 Qxd7 39. Re7+ Qxe7 40. Rxe7+ Kg6
41. Rxc7 Ra6 42. Rc3 Rd6 43. Kf1 Re6 44. Rd3 Kh6 45. Rd2 Kg6 46. Re2 Rc6 47.
Re5 Rc3 48. Rxb5 Rxa3 49. Rb8 Ra2 50. b5 Rb2 51. b6 Kg7 52. b7 Kh7 53. Ke1 Kg7
54. Kd1 Rb6 55. Kd2 Rb1 56. Kd3 Rb4 57. Kc3 Rb1 58. Kc4 Rb2 59. Kd5 Rd2+ 60.
Ke4 Re2+ 61. Kf4 Rxf2+ 62. Kg5 Rb2 63. Kxh5 Rb4 64. Kg5 Rb5+ 65. Kxg4 Rb4+ 66.
Kg5 Rb5+ 67. Kh4 Rb4+ 68. g4 Rb5 69. Kg3 Rb3+ 70. Kh4 Rb5 71. g5 Rb1 72. Ra8
Rxb7 73. Kh5 Rc7 74. Ra6 Rb7 75. Rg6+ Kh7 76. Rc6 Kg7 77. Ra6 1/2-1/2

[Event "4NCL"]
[Site "De Vere, Wokefield Park, ENG"]
[Date "2011.02.19"]
[Round "5.18"]
[White "Adair, James"]
[Black "Moscovic, David M"]
[Result "0-1"]
[WhiteElo "2212"]
[BlackElo "2293"]
[PlyCount "154"]
[EventDate "2011.??.??"]
[WhiteTeam "Sambuca Sharks"]
[BlackTeam "Cambridge University 1"]

1. e4 c5 2. Nf3 e6 3. d4 cxd4 4. Nxd4 a6 5. Bd3 Bc5 6. Nb3 Be7 7. Qg4 g6 8. Nc3
d6 9. O-O Nd7 10. Bd2 Ngf6 11. Qe2 O-O 12. f4 b5 13. e5 dxe5 14. fxe5 Nh5 15.
Be4 Bb7 16. Bh6 Ng7 17. Rad1 Qc7 18. Bxb7 Qxb7 19. Ne4 Nxe5 20. Nf6+ Bxf6 21.
Rxf6 Nc4 22. Rdf1 Qb6+ 23. Kh1 Ra7 24. Nc1 Rd7 25. Nd3 Rc8 26. b3 Nd6 27. Ne5
Rb7 28. Ng4 Qc5 29. Bf4 Ndf5 30. Qf3 Qc6 31. Qh3 h5 32. Nh6+ Nxh6 33. Bxh6 Nf5
34. Bg5 Qxc2 35. Qf3 Qc6 36. Qf4 Qc7 37. Qf2 Qd7 38. h3 Qc7 39. Bf4 e5 40. Bh2
Qe7 41. Rxf5 gxf5 42. Qxf5 Qe6 43. Qxh5 f6 44. Bg1 Rg7 45. Qe2 Qc6 46. Rd1 f5
47. Rd2 Qe4 48. Qd1 Re8 49. Qh5 Rf8 50. Re2 Qd5 51. Bh2 Qd1+ 52. Bg1 Qd5 53. b4
f4 54. Qxe5 Qxe5 55. Rxe5 f3 56. gxf3 Rxf3 57. Kh2 Ra3 58. Re2 Rgg3 59. Bc5
Rxh3+ 60. Kg2 Rag3+ 61. Kf1 Rh1+ 62. Kf2 Rh2+ 63. Kxg3 Rxe2 64. Kf3 Re1 65. Be3
Kf7 66. Ke4 Ke6 67. Kd4 Kd6 68. Bf4+ Kc6 69. Kc3 Kd5 70. Bh6 Rh1 71. Bf8 Rh3+
72. Kb2 Kc4 73. Bd6 Kd3 74. Be7 Rh2+ 75. Ka3 Kc3 76. Bf6+ Kc2 77. Bc3 Rf2 0-1

[Event "4NCL"]
[Site "De Vere, Wokefield Park, ENG"]
[Date "2011.02.19"]
[Round "5.18"]
[White "Bisby, Daniel L"]
[Black "Purton, Ben J"]
[Result "1-0"]
[WhiteElo "2306"]
[BlackElo "2147"]
[PlyCount "124"]
[EventDate "2011.??.??"]
[WhiteTeam "Cambridge University 1"]
[BlackTeam "Sambuca Sharks"]

1. d4 d5 2. c4 dxc4 3. e3 Nf6 4. Bxc4 a6 5. Nf3 e6 6. O-O b5 7. Bb3 Bb7 8. a4
Nbd7 9. Nbd2 c5 10. e4 cxd4 11. e5 Nd5 12. Ne4 Nc5 13. Nxc5 Bxc5 14. axb5 Qb6
15. bxa6 O-O 16. Bc4 Nb4 17. Ng5 h6 18. Ra3 Bd5 19. Bxd5 exd5 20. Nh3 Rxa6 21.
Rg3 Re8 22. Re1 Qc7 23. Qh5 Rg6 24. Rxg6 fxg6 25. Qxg6 Rxe5 26. Rf1 Qe7 27. Bd2
Re2 28. Bxb4 Bxb4 29. Nf4 Rxb2 30. Nxd5 Qf7 31. Qe4 Bc5 32. Nf4 Rb8 33. Nd3 Re8
34. Qc6 Ba7 35. Rb1 Re6 36. Qc8+ Re8 37. Qc6 Re6 38. Qa8+ Re8 39. Qc6 Re6 40.
Qa8+ Re8 41. Qb7 Qxb7 42. Rxb7 Rb8 43. Rxb8+ Bxb8 44. f4 Kf7 45. Kf2 Ke6 46.
Kf3 Kd5 47. g3 Bd6 48. h3 Bc7 49. g4 Bd6 50. h4 Be7 51. g5 hxg5 52. fxg5 Kc4
53. Ke4 Kc3 54. Ne5 Bd8 55. Kf5 Bc7 56. Nf3 d3 57. h5 Bb6 58. Ke4 Bd8 59. g6
Bg5 60. Nxg5 d2 61. h6 d1=Q 62. h7 Qg4+ 1-0